[Event "2. Bundesliga Ost 2015/2016"]
[Site "Wien"]
[Date "2016.03.06"]
[Round "8"]
[Board "2"]
[White "Petran, Peter"]
[Black "Hangweyrer, Manfred"]
[Result "1/2-1/2"]
[WhiteElo "2360"]
[BlackElo "2390"]
[PlyCount "28"]
[EventDate "2015.10.17"]
[EventType "team"]
[EventRounds "11"]
[EventCountry "AUT"]
[WhiteTeam "ASVOE Mattersburg"]
[BlackTeam "SK Austria"]

1. c4 c5 2. Nc3 g6 3. g3 Bg7 4. Bg2 Nc6 5. e3 e5 6. Nge2 d6 7. d3 Nge7 8. Rb1
O-O 9. O-O Be6 10. Nd5 Qd7 11. Nec3 Bh3 12. a3 Bxg2 13. Kxg2 Nxd5 14. Nxd5 Ne7
 1/2-1/2

[Event "2. Bundesliga Ost 2015/2016"]
[Site "Wien"]
[Date "2016.03.06"]
[Round "8"]
[Board "3"]
[White "Plachetka, Jan"]
[Black "Brod, Manfred"]
[Result "1/2-1/2"]
[WhiteElo "2373"]
[BlackElo "2259"]
[PlyCount "89"]
[EventDate "2015.10.17"]
[EventType "team"]
[EventRounds "11"]
[EventCountry "AUT"]
[WhiteTeam "SK Austria"]
[BlackTeam "ASVOE Mattersburg"]

1. Nf3 c5 2. b3 d6 3. Bb2 e5 4. e3 e4 5. Ng1 Nc6 6. c4 f5 7. Nc3 Nf6 8. Nh3 g6
9. Nf4 Bg7 10. d3 O-O 11. Qd2 g5 12. Nfd5 Nxd5 13. Nxd5 Bxb2 14. Qxb2 exd3 15.
Bxd3 Be6 16. Nc3 Qf6 17. O-O-O a6 18. Be2 Rad8 19. h4 g4 20. Nd5 Bxd5 21. Rxd5
Qxb2+ 22. Kxb2 Ne7 23. Rd2 Kf7 24. Rhd1 Ke6 25. f4 h5 26. g3 Ng8 27. Bd3 Nf6
28. Re2 Rfe8 29. e4 fxe4 30. Bxe4 Kf7 31. Rde1 Nxe4 32. Rxe4 Rxe4 33. Rxe4 d5
34. cxd5 Rxd5 35. Kc3 b5 36. Re3 Rd1 37. Re5 Rg1 38. Rxc5 Rxg3+ 39. Kb4 Rg2 40.
Rxh5 Rxa2 41. Rg5 Rh2 42. Rxg4 Rh3 43. f5 a5+ 44. Kxb5 Rxb3+ 45. Kxa5 1/2-1/2

[Event "2. Bundesliga Ost 2015/2016"]
[Site "Wien"]
[Date "2016.03.06"]
[Round "8"]
[Board "4"]
[White "Wiedner, Robert"]
[Black "Druckenthaner, Andreas"]
[Result "1/2-1/2"]
[WhiteElo "2197"]
[BlackElo "2314"]
[PlyCount "83"]
[EventDate "2015.10.17"]
[EventType "team"]
[EventRounds "11"]
[EventCountry "AUT"]
[WhiteTeam "ASVOE Mattersburg"]
[BlackTeam "SK Austria"]

1. Nf3 d5 2. d4 c6 3. Bf4 Nf6 4. h3 g6 5. Nbd2 Bg7 6. e3 O-O 7. c3 Bf5 8. g4
Bc8 9. Ne5 Nbd7 10. Nd3 Ne4 11. Nxe4 dxe4 12. Nc1 e5 13. Bg3 exd4 14. exd4 Nb6
15. Bg2 f5 16. gxf5 gxf5 17. Ne2 Nd5 18. Nf4 Bh6 19. Nxd5 cxd5 20. Be5 Qg5 21.
Rg1 f4 22. h4 Qg6 23. f3 Qg3+ 24. Ke2 Bg4 25. Qf1 Kf7 26. fxg4 Qxg4+ 27. Kd2
f3+ 28. Kc2 Be3 29. Bxf3 Qxf3 30. Rg7+ Ke6 31. Qb5 Rf7 32. Rxf7 Qxf7 33. Rf1
Bf2 34. Bg3 e3 35. Bxf2 Rf8 36. c4 Qf5+ 37. Kc3 exf2 38. cxd5+ Qxd5 39. Qe2+
Kd6 40. Rxf2 Rc8+ 41. Kb4 Qxd4+ 42. Ka3 1/2-1/2

[Event "2. Bundesliga Ost 2015/2016"]
[Site "Wien"]
[Date "2016.03.06"]
[Round "8"]
[Board "6"]
[White "Braun, Karl-Heinz"]
[Black "Higatsberger, Michael"]
[Result "1-0"]
[WhiteElo "2002"]
[BlackElo "2148"]
[PlyCount "117"]
[EventDate "2015.10.17"]
[EventType "team"]
[EventRounds "11"]
[EventCountry "AUT"]
[WhiteTeam "ASVOE Mattersburg"]
[BlackTeam "SK Austria"]

1. e4 d5 2. exd5 Qxd5 3. Nc3 Qd8 4. Nf3 Nf6 5. Bc4 a6 6. a4 Nc6 7. Qe2 Bg4 8.
Ne5 Nxe5 9. Qxe5 e6 10. O-O Bd6 11. Qe1 Bf5 12. h3 h5 13. d3 Ng4 14. f4 Bc5+
15. Kh1 Qd4 16. Ne2 Qd7 17. b4 Bb6 18. Rb1 Kf8 19. b5 a5 20. Ng3 Bg6 21. Bd2
Nh6 22. Bc3 h4 23. Ne2 Nf5 24. Bd2 Bh5 25. Kh2 Rd8 26. Nc3 Rh6 27. Ne4 Nd4 28.
Rb2 Bg6 29. Ng5 Nf5 30. Bxa5 Ng3 31. Rf3 Bh5 32. Bxb6 Bxf3 33. Bc5+ Kg8 34.
gxf3 Rf6 35. Be3 Rg6 36. c3 Re8 37. d4 f6 38. Ne4 Kh8 39. Rg2 Rd8 40. Nc5 Qe8
41. Bb3 Nf5 42. Rg4 e5 43. Bf2 Rh6 44. fxe5 fxe5 45. dxe5 b6 46. Nd3 Qd7 47.
Bd4 Re8 48. Nf4 c5 49. bxc6 Qxc6 50. Qe4 Nxd4 51. Qxd4 Qxf3 52. e6 Qb7 53. Ng6+
Kh7 54. Qd3 Qc7+ 55. Kg2 Qc6+ 56. Bd5 Qc5 57. Nxh4+ Kh8 58. Ng6+ Kh7 59. Ne5+
 1-0

[Event "2. Bundesliga Ost 2015/2016"]
[Site "Stockerau"]
[Date "2016.04.02"]
[Round "9"]
[Board "1"]
[White "Petran, Peter"]
[Black "Sharashenidze, Akaki"]
[Result "1/2-1/2"]
[WhiteElo "2360"]
[BlackElo "2321"]
[PlyCount "94"]
[EventDate "2015.10.17"]
[EventType "team"]
[EventRounds "11"]
[EventCountry "AUT"]
[WhiteTeam "ASVOE Mattersburg"]
[BlackTeam "SK Advisory Invest Baden"]

1. g3 d5 2. Nf3 Nf6 3. Bg2 g6 4. O-O Bg7 5. d3 O-O 6. Nbd2 b6 7. e4 e6 8. Re1
Bb7 9. e5 Nfd7 10. d4 c5 11. c3 Nc6 12. Nf1 h6 13. h4 cxd4 14. cxd4 f6 15. exf6
Qxf6 16. Be3 e5 17. dxe5 Ncxe5 18. N1h2 Qf7 19. Bd4 Rae8 20. Nxe5 Nxe5 21. f4
Nc4 22. Rxe8 Rxe8 23. Ng4 Bc8 24. Bxg7 Bxg4 25. Qxg4 Kxg7 26. h5 Ne3 27. Qxg6+
Qxg6 28. hxg6 Nxg2 29. Kxg2 Kxg6 30. Kf3 Rc8 31. Rd1 Rc5 32. g4 Kf7 33. f5 Kf6
34. Rh1 Kg7 35. Rh2 a5 36. b3 a4 37. bxa4 Rc3+ 38. Kf4 Rc4+ 39. Ke5 Rxg4 40.
Kxd5 Rxa4 41. Ke5 Ra3 42. Rg2+ Kf7 43. Rh2 Ra5+ 44. Ke4 Ra4+ 45. Kd5 Ra5+ 46.
Kc6 Rxf5 47. Rxh6 b5 1/2-1/2

[Event "2. Bundesliga Ost 2015/2016"]
[Site "Stockerau"]
[Date "2016.04.02"]
[Round "9"]
[Board "2"]
[White "Juenger, Heinz"]
[Black "Brod, Manfred"]
[Result "0-1"]
[WhiteElo "2123"]
[BlackElo "2259"]
[PlyCount "208"]
[EventDate "2015.10.17"]
[EventType "team"]
[EventRounds "11"]
[EventCountry "AUT"]
[WhiteTeam "SK Advisory Invest Baden"]
[BlackTeam "ASVOE Mattersburg"]

1. d4 d5 2. c4 dxc4 3. e3 e5 4. Bxc4 exd4 5. exd4 Bd6 6. Nf3 Nf6 7. O-O O-O 8.
h3 Nc6 9. Nc3 Bf5 10. Bg5 h6 11. Bh4 g5 12. Nxg5 hxg5 13. Bxg5 Be7 14. Re1 Kg7
15. Qd2 Ng8 16. Bf4 Bf6 17. Nd5 Bxd4 18. Bxc7 Qh4 19. Bg3 Qxg3 20. Qxd4+ Nxd4
21. fxg3 Nc2 22. Ne3 Nxe3 23. Rxe3 Rfe8 24. Rae1 Kf8 25. Bd5 Re7 26. g4 Bg6 27.
Kf2 Rd8 28. Rxe7 Nxe7 29. Bxb7 Rb8 30. Bf3 Rxb2+ 31. Re2 Rxe2+ 32. Kxe2 Bb1 33.
a3 Ng6 34. Ke3 Ke7 35. g3 Ke6 36. Kd4 Kd6 37. Bd1 Ne5 38. Bb3 f6 39. Bd1 Nc6+
40. Kc4 Ne5+ 41. Kd4 Bg6 42. Ba4 Bb1 43. Bd1 Bd3 44. g5 fxg5 45. h4 Bg6 46.
hxg5 Nf7 47. Bf3 Nxg5 48. Bg2 Bf5 49. Kc4 Bg4 50. Kd4 Bf5 51. Bd5 Bh3 52. Bb3
Bg2 53. Bg8 Bc6 54. Bb3 Nf3+ 55. Kc4 Nd2+ 56. Kb4 a5+ 57. Kxa5 Nxb3+ 58. Kb4
Nc5 59. Kc4 Ne6 60. Kb4 Bd7 61. Kc4 Bc6 62. Kb4 Ng5 63. Kc4 Ne4 64. g4 Bd7 65.
Kd4 Ng5 66. a4 Bxa4 67. Kc4 Bd7 68. Kd4 Bxg4 69. Kc4 Bf3 70. Kb4 Bd5 71. Kc3
Kc5 72. Kd3 Ne6 73. Kc3 Bc4 74. Kd2 Kd4 75. Kc2 Nc5 76. Kd2 Bd3 77. Kc1 Kc3 78.
Kd1 Ne4 79. Kc1 Kb3 80. Kd1 Kc3 81. Kc1 Nf6 82. Kd1 Ng4 83. Kc1 Bc4 84. Kb1 Ne3
85. Kc1 Nc2 86. Kb1 Be6 87. Kc1 Ba2 88. Kd1 Nd4 89. Kc1 Ne2+ 90. Kd1 Kd3 91.
Ke1 Be6 92. Kf2 Bg4 93. Ke1 Nc3 94. Kf2 Ne4+ 95. Ke1 Kc2 96. Kf1 Kd2 97. Kg2
Ke2 98. Kg1 Bh3 99. Kh2 Bf1 100. Kg1 Ke1 101. Kh1 Kf2 102. Kh2 Nf6 103. Kh1
Bg2+ 104. Kh2 Ng4# 0-1

[Event "2. Bundesliga Ost 2015/2016"]
[Site "Stockerau"]
[Date "2016.04.02"]
[Round "9"]
[Board "3"]
[White "Salamon, Werner"]
[Black "Dzierzenga, Stefan"]
[Result "0-1"]
[WhiteElo "2130"]
[BlackElo "2186"]
[PlyCount "44"]
[EventDate "2015.10.17"]
[EventType "team"]
[EventRounds "11"]
[EventCountry "AUT"]
[WhiteTeam "ASVOE Mattersburg"]
[BlackTeam "SK Advisory Invest Baden"]

1. e4 g6 2. d4 Bg7 3. Nc3 c6 4. Bc4 d6 5. Nf3 Nf6 6. Qe2 O-O 7. e5 dxe5 8. dxe5
Nd5 9. Bd2 Bg4 10. O-O-O e6 11. h3 Bxf3 12. gxf3 Nd7 13. f4 Qh4 14. Qf3 Nxe5
15. fxe5 Qxc4 16. Rhe1 Nxc3 17. Bxc3 Qxa2 18. b3 Bh6+ 19. Re3 Rad8 20. Qf6 Qa3+
21. Bb2 Bxe3+ 22. fxe3 Rxd1+ 0-1

[Event "2. Bundesliga Ost 2015/2016"]
[Site "Stockerau"]
[Date "2016.04.02"]
[Round "9"]
[Board "4"]
[White "Trippold, Denise"]
[Black "Strodl, Joachim"]
[Result "1/2-1/2"]
[WhiteElo "1982"]
[BlackElo "2120"]
[PlyCount "38"]
[EventDate "2015.10.17"]
[EventType "team"]
[EventRounds "11"]
[EventCountry "AUT"]
[WhiteTeam "SK Advisory Invest Baden"]
[BlackTeam "ASVOE Mattersburg"]

1. d4 g6 2. c4 Bg7 3. e4 d6 4. Nc3 e5 5. d5 Nd7 6. Be3 h5 7. Be2 Bh6 8. Bxh6
Nxh6 9. Nf3 a5 10. a3 O-O 11. O-O Kg7 12. b4 b6 13. Rc1 Qe7 14. Nb5 Nf6 15. Qc2
axb4 16. axb4 Ba6 17. Nc3 Bc8 18. Nb5 Ba6 19. Nc3 Bc8 1/2-1/2

[Event "2. Bundesliga Ost 2015/2016"]
[Site "Stockerau"]
[Date "2016.04.02"]
[Round "9"]
[Board "5"]
[White "Savio, Alfred Jun."]
[Black "Hofegger, Jakob"]
[Result "0-1"]
[WhiteElo "2036"]
[BlackElo "1990"]
[PlyCount "64"]
[EventDate "2015.10.17"]
[EventType "team"]
[EventRounds "11"]
[EventCountry "AUT"]
[WhiteTeam "ASVOE Mattersburg"]
[BlackTeam "SK Advisory Invest Baden"]

1. d4 Nf6 2. c4 g6 3. Nc3 Bg7 4. Nf3 O-O 5. e4 d6 6. Be2 e5 7. dxe5 dxe5 8.
Qxd8 Rxd8 9. Bg5 Re8 10. Nd5 Nxd5 11. cxd5 c6 12. Bc4 b5 13. Bb3 Bb7 14. O-O-O
a5 15. d6 Nd7 16. Be3 a4 17. Bc2 c5 18. h4 Rec8 19. h5 b4 20. hxg6 hxg6 21. Bh6
Bh8 22. Nd2 c4 23. Rh3 b3 24. Bb1 Ra6 25. Rc3 Rxd6 26. Rxc4 Rdc6 27. axb3 axb3
28. Bd3 Rxc4+ 29. Bxc4 Nb6 30. Re1 Nxc4 31. Nb1 Bxe4 32. Nc3 Bxg2 0-1

[Event "2. Bundesliga Ost 2015/2016"]
[Site "Stockerau"]
[Date "2016.04.02"]
[Round "9"]
[Board "6"]
[White "Perndl, Johann"]
[Black "Braun, Karl-Heinz"]
[Result "0-1"]
[WhiteElo "2065"]
[BlackElo "2002"]
[PlyCount "70"]
[EventDate "2015.10.17"]
[EventType "team"]
[EventRounds "11"]
[EventCountry "AUT"]
[WhiteTeam "SK Advisory Invest Baden"]
[BlackTeam "ASVOE Mattersburg"]

1. e4 c5 2. c3 d6 3. d4 Qc7 4. Be3 Nf6 5. Nd2 a6 6. Ngf3 Nbd7 7. Bd3 b5 8. b3
e6 9. O-O Be7 10. c4 cxd4 11. Bxd4 b4 12. Qe2 e5 13. Be3 Nc5 14. Ne1 Ng4 15.
Nc2 Nxe3 16. Nxe3 Be6 17. Nd5 Bxd5 18. exd5 O-O 19. f4 exf4 20. Rae1 Bg5 21. h4
Nxd3 22. Qxd3 Bxh4 23. Re2 Bg5 24. Nf3 Bh6 25. Rfe1 a5 26. Re7 Qb6+ 27. Kf1 g6
28. Nd4 Bg5 29. R7e4 a4 30. Nc6 axb3 31. axb3 Ra2 32. R4e2 Rfa8 33. Qb1 Rxe2
34. Rxe2 Bf6 35. Qe1 Ra1 0-1

[Event "2. Bundesliga Ost 2015/2016"]
[Site "Stockerau"]
[Date "2016.04.02"]
[Round "9"]
[Board "1"]
[White "Chytilek, Roman"]
[Black "Pacher, Milan"]
[Result "1/2-1/2"]
[WhiteElo "2345"]
[BlackElo "2471"]
[PlyCount "63"]
[EventDate "2015.10.17"]
[EventType "team"]
[EventRounds "11"]
[EventCountry "AUT"]
[WhiteTeam "SV Stockerau"]
[BlackTeam "SK Austria"]

1. d4 Nf6 2. Nf3 e6 3. c4 b6 4. g3 Bb7 5. Bg2 Be7 6. O-O O-O 7. Nc3 Ne4 8. Nxe4
Bxe4 9. Ne1 Bxg2 10. Nxg2 d5 11. Qa4 c6 12. Bf4 a6 13. Qc2 Nd7 14. Rac1 Rc8 15.
cxd5 cxd5 16. Qa4 g5 17. Rxc8 Qxc8 18. Rc1 Nc5 19. dxc5 gxf4 20. c6 fxg3 21.
fxg3 Bf6 22. Qb4 Qc7 23. Nf4 a5 24. Qb5 Kh8 25. e3 Rg8 26. Kf1 d4 27. exd4 Bxd4
28. Rd1 e5 29. Ne2 Rd8 30. Qc4 Kg8 31. Nxd4 exd4 32. Rxd4 1/2-1/2

[Event "2. Bundesliga Ost 2015/2016"]
[Site "Stockerau"]
[Date "2016.04.02"]
[Round "9"]
[Board "2"]
[White "Hangweyrer, Manfred"]
[Black "Groetz, Harald"]
[Result "1/2-1/2"]
[WhiteElo "2390"]
[BlackElo "2282"]
[PlyCount "67"]
[EventDate "2015.10.17"]
[EventType "team"]
[EventRounds "11"]
[EventCountry "AUT"]
[WhiteTeam "SK Austria"]
[BlackTeam "SV Stockerau"]

1. Nf3 Nf6 2. g3 g6 3. Bg2 Bg7 4. O-O O-O 5. d4 d6 6. Nc3 c6 7. e4 a5 8. a4 Na6
9. h3 Qc7 10. Be3 e5 11. Re1 Re8 12. Qd2 b6 13. Rad1 Bb7 14. dxe5 dxe5 15. Qd6
Qxd6 16. Rxd6 Nc5 17. Nd2 Nfd7 18. Nb3 Bf8 19. Nxc5 Nxc5 20. Bxc5 bxc5 21. Rd2
Red8 22. Red1 Rd4 23. Ne2 Rxa4 24. c3 Ba6 25. Bf3 Rb8 26. Nc1 Ra1 27. Kg2 Rb1
28. Nb3 Rxd1 29. Bxd1 a4 30. Na5 Bh6 31. Nxc6 Bxd2 32. Nxb8 Bb5 33. c4 Bxc4 34.
Bxa4 1/2-1/2

[Event "2. Bundesliga Ost 2015/2016"]
[Site "Stockerau"]
[Date "2016.04.02"]
[Round "9"]
[Board "3"]
[White "Piringer, Florian"]
[Black "Plachetka, Jan"]
[Result "1/2-1/2"]
[WhiteElo "2118"]
[BlackElo "2373"]
[PlyCount "71"]
[EventDate "2015.10.17"]
[EventType "team"]
[EventRounds "11"]
[EventCountry "AUT"]
[WhiteTeam "SV Stockerau"]
[BlackTeam "SK Austria"]

1. e4 c5 2. Nf3 Nc6 3. Bb5 g6 4. d3 Bg7 5. O-O d6 6. Bxc6+ bxc6 7. Re1 e5 8.
Nc3 Ne7 9. a3 a5 10. Rb1 O-O 11. b4 axb4 12. axb4 cxb4 13. Rxb4 d5 14. Ra4 Rxa4
15. Nxa4 Qa5 16. c4 Bg4 17. Bd2 Qa7 18. Bb4 Re8 19. cxd5 cxd5 20. h3 Bxf3 21.
gxf3 Nc6 22. Bc5 Qd7 23. Nb6 Qxh3 24. exd5 Bf8 25. d4 Bxc5 26. dxc5 Nd4 27.
Qxd4 exd4 28. Rxe8+ Kg7 29. c6 d3 30. Nc4 Qxf3 31. c7 Qg4+ 32. Kf1 Qd1+ 33. Kg2
Qg4+ 34. Kf1 Qd1+ 35. Kg2 Qg4+ 36. Kf1 1/2-1/2

[Event "2. Bundesliga Ost 2015/2016"]
[Site "Stockerau"]
[Date "2016.04.02"]
[Round "9"]
[Board "4"]
[White "Druckenthaner, Andreas"]
[Black "Schirmbeck, Hannes"]
[Result "1/2-1/2"]
[WhiteElo "2314"]
[BlackElo "2136"]
[PlyCount "68"]
[EventDate "2015.10.17"]
[EventType "team"]
[EventRounds "11"]
[EventCountry "AUT"]
[WhiteTeam "SK Austria"]
[BlackTeam "SV Stockerau"]

1. d4 Nf6 2. c4 e6 3. Nc3 Bb4 4. Nf3 b6 5. g3 Bb7 6. Bg2 O-O 7. O-O c5 8. Nb5
cxd4 9. a3 Be7 10. Nbxd4 Nc6 11. b3 Nxd4 12. Nxd4 Bxg2 13. Kxg2 Qc7 14. Bb2 d5
15. cxd5 Nxd5 16. e4 Nf6 17. Qf3 Qb7 18. e5 Qxf3+ 19. Kxf3 Nd5 20. Nc6 Rfc8 21.
Rac1 Bc5 22. Nd4 Bxd4 23. Bxd4 Kf8 24. Rc4 Ke8 25. Ke4 a6 26. f4 b5 27. Rc5
Rxc5 28. Bxc5 Rc8 29. b4 a5 30. Ra1 axb4 31. axb4 Nxb4 32. Bxb4 Rc4+ 33. Kd3
Rxb4 34. Ra8+ Ke7 1/2-1/2

[Event "2. Bundesliga Ost 2015/2016"]
[Site "Stockerau"]
[Date "2016.04.02"]
[Round "9"]
[Board "5"]
[White "Gajic, Zoran"]
[Black "Higatsberger, Michael"]
[Result "1/2-1/2"]
[WhiteElo "2063"]
[BlackElo "2148"]
[PlyCount "101"]
[EventDate "2015.10.17"]
[EventType "team"]
[EventRounds "11"]
[EventCountry "AUT"]
[WhiteTeam "SV Stockerau"]
[BlackTeam "SK Austria"]

1. e4 c5 2. Nf3 d6 3. d4 cxd4 4. Nxd4 Nf6 5. Nc3 a6 6. a4 e5 7. Nf3 Be7 8. h3
O-O 9. Bc4 Be6 10. Bd3 Nc6 11. Ng5 Nb4 12. Nxe6 Nxd3+ 13. cxd3 fxe6 14. Qb3 Qd7
15. O-O Nh5 16. Be3 Nf4 17. a5 Rae8 18. Rad1 Bd8 19. Qa2 Qf7 20. Bxf4 exf4 21.
f3 Qh5 22. b4 Rf6 23. Rfe1 Rh6 24. d4 Qg6 25. Kf1 Bh4 26. Re2 Qg3 27. Rc2 Qh2
28. Ne2 Qh1+ 29. Ng1 Bg3 30. Rc7 Rg6 31. d5 Bh2 32. Qf2 Bg3 33. Qd4 e5 34. Qa7
Be1 35. g4 Bxb4 36. Qxb7 Bc5 37. Rxc5 dxc5 38. d6 Rf6 39. Qd5+ Kh8 40. d7 Rd8
41. Qxe5 Rff8 42. Qxc5 h6 43. Qxf8+ Rxf8 44. d8=Q Rxd8 45. Rxd8+ Kh7 46. Rd2
Kg6 47. Rg2 Kf6 48. Kf2 g5 49. Kf1 Ke6 50. Kf2 Ke5 51. Kf1 1/2-1/2

[Event "2. Bundesliga Ost 2015/2016"]
[Site "Stockerau"]
[Date "2016.04.02"]
[Round "9"]
[Board "6"]
[White "Iro, Christian"]
[Black "Batyte, Daiva"]
[Result "0-1"]
[WhiteElo "1911"]
[BlackElo "2107"]
[PlyCount "48"]
[EventDate "2015.10.17"]
[EventType "team"]
[EventRounds "11"]
[EventCountry "AUT"]
[WhiteTeam "SK Austria"]
[BlackTeam "SV Stockerau"]

1. e4 e6 2. d4 d5 3. Nd2 c5 4. exd5 exd5 5. Bb5+ Nc6 6. Ngf3 Bd6 7. dxc5 Bxc5
8. Qe2+ Nge7 9. Nb3 Bb6 10. Bg5 f6 11. Bf4 O-O 12. O-O Ng6 13. Qd2 Nce5 14.
Nxe5 fxe5 15. Bg5 Qd6 16. c3 Bg4 17. Bc4 Be6 18. Rad1 h6 19. Be3 Rad8 20. Qe2
Nf4 21. Bxf4 Rxf4 22. Bd3 Bg4 23. Qd2 Bxd1 24. Rxd1 Qf6 0-1

[Event "2. Bundesliga Ost 2015/2016"]
[Site "Stockerau"]
[Date "2016.04.02"]
[Round "9"]
[Board "1"]
[White "Stanec, Nikolaus"]
[Black "Zilka, Stepan"]
[Result "1/2-1/2"]
[WhiteElo "2457"]
[BlackElo "2520"]
[PlyCount "129"]
[EventDate "2015.10.17"]
[EventType "team"]
[EventRounds "11"]
[EventCountry "AUT"]
[WhiteTeam "SC Donaustadt"]
[BlackTeam "Blackburne Nickelsdorf"]

1. c4 e6 2. Nc3 d5 3. d4 c6 4. cxd5 exd5 5. Bf4 Bd6 6. Bg3 Ne7 7. e3 Nf5 8. Bd3
Nxg3 9. hxg3 g6 10. Qd2 Be6 11. Nge2 Nd7 12. Nf4 Qf6 13. O-O-O O-O-O 14. Kb1
Nb6 15. Nxe6 Qxe6 16. Qc2 Kb8 17. Rhe1 f5 18. Ne2 Rde8 19. Nf4 Qf6 20. Rh1 h5
21. Ne2 Nd7 22. Ng1 Qe7 23. a3 Nf6 24. Ne2 Ng4 25. Rdf1 Qf6 26. Qd2 Re7 27. Bc2
Rhe8 28. Nc3 Qe6 29. Ne2 Nxe3 30. fxe3 Qxe3 31. Qxe3 Rxe3 32. Nc1 Rxg3 33. Rf2
Rg4 34. Nb3 Bg3 35. Rd2 Be1 36. Rd1 Bh4 37. Rd2 Bg5 38. Rf2 Kc7 39. Bd1 Rge4
40. Bf3 Re3 41. Kc2 b6 42. Rd1 Kd6 43. Nc1 Bf6 44. Re2 h4 45. Rxe3 Rxe3 46. Ne2
g5 47. Kd2 f4 48. Bg4 c5 49. dxc5+ bxc5 50. Kc2 d4 51. b3 Be5 52. Rd3 Bf6 53.
Rxe3 fxe3 54. Kd3 Kd5 55. Bf3+ Ke5 56. b4 Be7 57. b5 Bd8 58. a4 Bb6 59. Bc6 Ba5
60. Be8 Bc7 61. Nc1 g4 62. Bd7 Kd5 63. Bc6+ Ke5 64. Bd7 Kd5 65. Bc6+ 1/2-1/2

[Event "2. Bundesliga Ost 2015/2016"]
[Site "Stockerau"]
[Date "2016.04.02"]
[Round "9"]
[Board "2"]
[White "Schwarhofer, Christopher"]
[Black "Schwab, Rene"]
[Result "1-0"]
[WhiteElo "2378"]
[BlackElo "2214"]
[PlyCount "139"]
[EventDate "2015.10.17"]
[EventType "team"]
[EventRounds "11"]
[EventCountry "AUT"]
[WhiteTeam "Blackburne Nickelsdorf"]
[BlackTeam "SC Donaustadt"]

1. e4 c6 2. d4 d5 3. Nc3 dxe4 4. Nxe4 Nf6 5. Nxf6+ exf6 6. Be3 Bd6 7. Bd3 Qc7
8. Qh5 Be6 9. Ne2 Nd7 10. c4 Bb4+ 11. Nc3 Nb6 12. Qe2 Na4 13. O-O Nxc3 14. bxc3
Bd6 15. f4 f5 16. g4 O-O-O 17. gxf5 Bd7 18. c5 Be7 19. Rab1 Rde8 20. Ba6 bxa6
21. Qxa6+ Kd8 22. Rb7 Bc8 23. Rfb1 Bxc5 24. dxc5 Rxe3 25. Rd1+ Ke8 26. Rxc7
Bxa6 27. Rxc6 Ke7 28. Rxa6 Rc8 29. Rxa7+ Kf6 30. Rd6+ Kxf5 31. Rxf7+ Kg4 32.
Rxg7+ Kf5 33. Rd5+ Kxf4 34. Rxh7 Rg8+ 35. Kf1 Rf3+ 36. Ke1 Rg1+ 37. Kd2 Rg2+
38. Kc1 Rxc3+ 39. Kb1 Ke4 40. Rd1 Rxc5 41. Re1+ Kd4 42. Rd7+ Kc4 43. Rc1+ Kb5
44. a4+ Kc6 45. Rc7+ Kxc7 46. Rxc5+ Kb6 47. Rh5 Ka6 48. h4 Rh2 49. Kc1 Ra2 50.
a5 Rh2 51. Kd1 Ra2 52. Rf5 Kb7 53. Rc5 Rh2 54. h5 Ka6 55. Ke1 Kb7 56. Kf1 Ka6
57. Kg1 Rh4 58. Kg2 Rg4+ 59. Kf3 Rh4 60. Kg3 Rh1 61. Kg4 Rg1+ 62. Kf5 Rf1+ 63.
Kg6 Rd1 64. h6 Rd6+ 65. Kg5 Rd7 66. Rf5 Rd8 67. h7 Ka7 68. Kg6 Ka6 69. Kg7 Rd7+
70. Rf7 1-0

[Event "2. Bundesliga Ost 2015/2016"]
[Site "Stockerau"]
[Date "2016.04.02"]
[Round "9"]
[Board "3"]
[White "Karlusch, Albrecht"]
[Black "Lendwai, Reinhard"]
[Result "0-1"]
[WhiteElo "2119"]
[BlackElo "2360"]
[PlyCount "58"]
[EventDate "2015.10.17"]
[EventType "team"]
[EventRounds "11"]
[EventCountry "AUT"]
[WhiteTeam "SC Donaustadt"]
[BlackTeam "Blackburne Nickelsdorf"]

1. h3 c5 2. Nf3 Nc6 3. c3 e5 4. d4 cxd4 5. cxd4 e4 6. d5 Nb4 7. Nfd2 e3 8. Nf3
exf2+ 9. Kxf2 Nf6 10. Nc3 Bc5+ 11. e3 a5 12. a3 Na6 13. g4 O-O 14. g5 Ne8 15.
Ne4 Bb6 16. d6 Nc5 17. Bd3 f5 18. Nxc5 Bxc5 19. Ne5 Nxd6 20. Bc4+ Nxc4 21. Qd5+
Kh8 22. Qxc4 Qe7 23. Nd3 Ba7 24. Bd2 b5 25. Qd5 Rb8 26. Rhg1 f4 27. Ke2 d6 28.
Raf1 Bb7 29. Qxb5 Bf3+ 0-1

[Event "2. Bundesliga Ost 2015/2016"]
[Site "Stockerau"]
[Date "2016.04.02"]
[Round "9"]
[Board "4"]
[White "Pinter, Erik"]
[Black "Demircan, Suekrue"]
[Result "1/2-1/2"]
[WhiteElo "2370"]
[BlackElo "2111"]
[PlyCount "166"]
[EventDate "2015.10.17"]
[EventType "team"]
[EventRounds "11"]
[EventCountry "AUT"]
[WhiteTeam "Blackburne Nickelsdorf"]
[BlackTeam "SC Donaustadt"]

1. e4 d5 2. exd5 Qxd5 3. d4 Nf6 4. Nf3 Bg4 5. Be2 e6 6. h3 Bh5 7. O-O c6 8. c4
Qd8 9. Nc3 Be7 10. Be3 O-O 11. Qd2 Bb4 12. Qc1 Nbd7 13. Rd1 Qa5 14. Bd2 Rfe8
15. a3 Bf8 16. c5 Qd8 17. b4 Nd5 18. Re1 Nxc3 19. Qxc3 Bxf3 20. Bxf3 Nf6 21. b5
Nd5 22. Qc4 g6 23. Rab1 Qd7 24. Rb3 Rac8 25. Qa4 Bg7 26. Be3 cxb5 27. Qxb5 Qxb5
28. Rxb5 b6 29. Bxd5 exd5 30. cxb6 Bxd4 31. bxa7 Bxa7 32. Rxd5 Rc3 33. Ra1 Bxe3
34. fxe3 Rexe3 35. Rd8+ Kg7 36. Rd7 Kh6 37. Rxf7 Rxa3 38. Raf1 Rg3 39. Kh2 Rg5
40. R1f2 Rag3 41. Ra2 Rd3 42. Raa7 Rgd5 43. h4 Kh5 44. Rxh7+ Kg4 45. Rag7 Rd6
46. Ra7 R3d4 47. Ra5 R4d5 48. Ra4+ Rd4 49. Ra8 Rd8 50. Ra3 Rd3 51. Raa7 R8d6
52. h5 gxh5 53. Rag7+ Kf5 54. Rxh5+ Kf6 55. Rhg5 R6d4 56. R5g6+ Ke5 57. Rg5+
Kf6 58. R5g6+ Ke5 59. Re7+ Kf5 60. Ree6 Rh4+ 61. Kg1 Rd2 62. Ref6+ Ke5 63. Rf1
Rf4 64. Rg5+ Kf6 65. Rg8 Rxf1+ 66. Kxf1 Ra2 67. Kg1 Kf7 68. Rg4 Ra6 69. Kh2
Rh6+ 70. Kg3 Rh1 71. Kf4 Ra1 72. Rg3 Kf6 73. Rb3 Ra4+ 74. Kf3 Ra1 75. Rb6+ Kg5
76. Rb5+ Kg6 77. Kg4 Ra4+ 78. Kh3 Ra3+ 79. Kh4 Ra6 80. g4 Rc6 81. Rg5+ Kh6 82.
Re5 Kg6 83. Kg3 Rc1 1/2-1/2

[Event "2. Bundesliga Ost 2015/2016"]
[Site "Stockerau"]
[Date "2016.04.02"]
[Round "9"]
[Board "5"]
[White "Sekyra, Michael"]
[Black "Vlcek, Stanislav"]
[Result "1/2-1/2"]
[WhiteElo "2060"]
[BlackElo "2286"]
[PlyCount "86"]
[EventDate "2015.10.17"]
[EventType "team"]
[EventRounds "11"]
[EventCountry "AUT"]
[WhiteTeam "SC Donaustadt"]
[BlackTeam "Blackburne Nickelsdorf"]

1. e4 c5 2. Nf3 d6 3. d4 cxd4 4. Nxd4 Nf6 5. Nc3 a6 6. Be3 e6 7. f3 b5 8. g4
Bb7 9. Qd2 Nfd7 10. O-O-O Nb6 11. Nb3 Nc6 12. Qf2 Nd7 13. Rg1 Rc8 14. Kb1 Nce5
15. Nd2 Qc7 16. Rc1 Be7 17. f4 Nc4 18. Bxc4 bxc4 19. g5 O-O 20. f5 Ne5 21. f6
Bd8 22. fxg7 Kxg7 23. Qh4 Kh8 24. Bd4 f6 25. Rcf1 Ng6 26. Qg4 e5 27. Be3 fxg5
28. Rxf8+ Nxf8 29. Nf3 Qd7 30. Qg3 Ne6 31. h4 Nf4 32. hxg5 Qf7 33. Nh4 Ba5 34.
g6 Nxg6 35. Nxg6+ Qxg6 36. Qh3 Qf7 37. Qh6 Rg8 38. Rxg8+ Kxg8 39. Qxd6 Bxc3 40.
bxc3 Bxe4 41. Qb8+ Qf8 42. Qxe5 Qf1+ 43. Kb2 Qf5 1/2-1/2